| 000 | 01010cam a2200241 i 4500 | ||
|---|---|---|---|
| 005 | 20251125113732.0 | ||
| 008 | 250721s1973 ku gr 000 0 ara d | ||
| 041 | 1 |
_aara _heng |
|
| 082 | 1 | 4 |
_a211.7 _bم ح م |
| 100 | 1 |
_aدراز، محمد عبد الله _eمؤلف. |
|
| 245 | 1 | 0 |
_aدستور الأخلاق في القرآن : _bدراسة مقارنة للأخلاق النظرية في القران / _cتعريب وتحقيق وتعليق دكتور عبد الصبور شاهين ؛ مراجعة دكتور السيد محمد بدور. |
| 246 | 1 | 1 | _ala morale du koran. |
| 250 | _aالطبعة الاولى. | ||
| 264 | 3 | 1 |
_aالكويت : _bدار البحوث العلميه، _c1973. |
| 300 | _a780 صفحة. | ||
| 650 | 1 | 7 | _aالقرآن الكريم. |
| 650 | 1 | 7 | _aألفاظ القرآن. |
| 650 | 1 | 7 | _aمعاني القرآن. |
| 650 | 1 | 7 | _aأحكام القرآن. |
| 700 | 1 |
_aشاهين, عبد الصبور _eمحقق. |
|
| 942 |
_2ddc _cBK |
||
| 999 |
_c16100 _d16100 |
||